[Event "IECG CN.2000.0.00209"]
[Site "IECG email"]
[Date "2000.08.20"]
[Round "?"]
[White "Schulz, Jens Uwe"]
[Black "Lizarraga, Ignacio"]
[Result "1-0"]
[WhiteElo "800"]
[BlackElo "800"]
[PlyCount "83"]
[EventDate "2000.08.20"]
[EventType "tourn (corr)"]
[EventRounds "6"]
[SourceTitle "Corr 2008"]
[Source "ChessBase"]
[SourceDate "2008.06.24"]
[SourceVersion "1"]
[SourceVersionDate "2008.06.24"]
[SourceQuality "1"]

1. e4 c5 2. Nf3 e6 3. d4 cxd4 4. Nxd4 a6 5. c4 Nf6 6. Nc3 Bb4 7. Bd3 Nc6 8. Nxc6 dxc6 9. e5 Nd7 10. f4 Nc5 11. Bc2 Qxd1+ 12. Kxd1 b5 13. Ne4 Nxe4 14. Bxe4 Bb7 15. Be3 0-0-0+ 16. Ke2 c5 17. Bxb7+ Kxb7 18. Rac1 bxc4 19. Rxc4 Rd5 20. a3 Ba5 21. Rhc1 Rhd8 22. R1c2 f6 23. exf6 gxf6 24. Rxc5 Rxc5 25. Rxc5 Bc7 26. Rh5 Rd7 27. b4 e5 28. Rf5 Re7 29. Kf3 exf4 30. Bxf4 Bxf4 31. Kxf4 Rc7 32. Rxf6 Rc2 33. Rf7+ Kb6 34. Rxh7 Rxg2 35. Rh6+ Kb5 36. h4 Rh2 37. Kg3 Rd2 38. Rf6 Rd3+ 39. Rf3 Rd8 40. h5 Ka4 41. Kh4 Rh8 42. Rh3 1-0

[Event "IECG CN.2000.0.00209"]
[Site "IECG email"]
[Date "2000.08.20"]
[Round "?"]
[White "Venturas, Bob"]
[Black "Schulz, Jens Uwe"]
[Result "0-1"]
[WhiteElo "630"]
[BlackElo "800"]
[PlyCount "50"]
[EventDate "2000.08.20"]
[EventType "tourn (corr)"]
[EventRounds "6"]
[SourceTitle "Corr 2008"]
[Source "ChessBase"]
[SourceDate "2008.06.24"]
[SourceVersion "1"]
[SourceVersionDate "2008.06.24"]
[SourceQuality "1"]

1. e4 e6 2. Nf3 d5 3. e5 c5 4. Bb5+ Nc6 5. Bxc6+ bxc6 6. d4 cxd4 7. Qxd4 c5 8. Qa4+ Bd7 9. Qf4 Qc7 10. Ng5 f6 11. exf6 Qxf4 12. Bxf4 gxf6 13. Nf3 0-0-0 14. Ne5 Be8 15. Nf3 Ne7 16. Nc3 Rg8 17. 0-0 Bc6 18. Nd2 h5 19. f3 Ng6 20. Bg3 h4 21. Bf2 Nf4 22. Bxh4 Rxg2+ 23. Kh1 Rxd2 24. Bxf6 Bd6 25. Bxd8 Nh3 0-1